Věk páry skončil, přichází éra CO2?

Z oxidu uhličitého a vodíka vzniknutého elektrolýzou vody, sa dajú za vysokého tlaku a teploty vyrábať umelé palivá, metán, metanol, etylén aj plasty. Výskum v tejto oblasti vrátane pilotných projektov. Power to X - procesy konverzie CO2. Energetické siete a ich prepojenie s chemickým priemyslom. Po...

ver descrição completa

Na minha lista:
Detalhes bibliográficos
Autor principal: Adámková, Alena
Formato: Capítulo de Livro
Idioma:tcheco
Assuntos:
Tags: Adicionar Tag
Sem tags, seja o primeiro a adicionar uma tag!

MARC

LEADER 00000naa a2200000 4500
001 0253091
005 20190415143114.0
041 0 |a cze 
044 |a CZ 
245 1 0 |a Věk páry skončil, přichází éra CO2?  |c Alena Adámková 
520 |a Z oxidu uhličitého a vodíka vzniknutého elektrolýzou vody, sa dajú za vysokého tlaku a teploty vyrábať umelé palivá, metán, metanol, etylén aj plasty. Výskum v tejto oblasti vrátane pilotných projektov. Power to X - procesy konverzie CO2. Energetické siete a ich prepojenie s chemickým priemyslom. Pokusná výroba umelých palív v Nemecku. 
610 2 0 |a energetika 
610 2 0 |a plyn 
610 2 0 |a emisie 
610 2 0 |a chémia 
610 2 0 |a palivá 
100 1 |a Adámková, Alena